Pessoas com deficiência em Portugal (Record no. 45081)
[ view plain ]
| 000 -Etiqueta do registo | |
|---|---|
| Valores | 00868nam a2200229 4500 |
| 010 ## - Número ISBN | |
| ISBN | 9789896461744 |
| 021 ## - Número do Depósito Legal | |
| Número | 530165/24 |
| 100 ## - Dados gerais de processamento | |
| Dados gerais | 20240702d2024 m y0pory50030103ba |
| 101 0# - Língua de publicação | |
| Língua | por |
| 102 ## - País de publicação | |
| País | PT |
| 200 1# - Titulo e menção de responsabilidade | |
| Título próprio | Pessoas com deficiência em Portugal |
| Informação de outro título | indicadores de direitos humanos 2022 |
| Primeira menção de responsabilidade | Paula Campos Pinto.... [et al.] |
| Outras menções de responsabilidade | Observatório da Deficiência e Direitos Humanos |
| 210 #9 - Publicação | |
| Local de publicação | Lisboa |
| Nome do editor | ISCP - Instituto Superior de Ciências Sociais e Políticas, |
| Data de publicação | D.L. 2024 |
| 215 ## - Descrição física | |
| Paginação / Volumes | 79, [1] p. |
| Outras indicações físicas | il. |
| Dimensões | 30 cm |
| 675 ## - CDU | |
| Notação | 314-056 |
| 675 ## - CDU | |
| Notação | 316.344-056.2/.3(469)"2023"(047.1) |
| Edição | BN |
| Língua | por |
| 675 ## - CDU | |
| Notação | 342.72-056.2/.3(469)"2023"(047.1) |
| Edição | BN |
| Língua | por |
| 701 #1 - Autor co-responsavel | |
| Apelido | Pinto, |
| Nome | Paula Campos |
| Função | 070 |
| 801 #0 - Fonte de origem | |
| País | PT |
| Agência | BN |
| Regras de catalogação | RPC |
| 856 41 - Localização e acesso electrónico | |
| URL | <a href="http://rnod.bnportugal.gov.pt/ImagesBN/winlibimg.aspx?skey=&doc=2171412&img=195933&save=true">http://rnod.bnportugal.gov.pt/ImagesBN/winlibimg.aspx?skey=&doc=2171412&img=195933&save=true</a> |
| 990 ## - Elementos KOHA | |
| Tipo de documento | Livro |
| Aquisição | Empréstimo | Código de barras | Cota | Permissão de empréstimo | Tipo de documento |
|---|---|---|---|---|---|
| Biblioteca Municipal de Redondo | Biblioteca Municipal de Redondo | 055447 | 314-056 PIN | Consulta presencial | Livro |